000 00555nam a2200145Ia 4500
008 100204s9999 xx 000 0 und d
082 _b25877
100 _aखानोलकर चिंतामणी त्र्यंबक
245 _aरात्र काळी घागर काळी
260 _b"मौज प्रकाशन , मुंबई"
_c2003-3
300 _a203
630 _aरात्र काळी घागर काळी
730 _aरात्र काळी घागर काळी
942 _cBOOK
999 _c471056
_d471053